Los problemas jurídicos planteados por las nuevas técnicas de procreación humana / María Carcaba Fernández (Registro nro. 7088)
[ vista simple ]
| 000 -LEADER | |
|---|---|
| fixed length control field | 00529nam a22001811a 4500 |
| 001 - CONTROL NUMBER | |
| control field | 7088 |
| 003 - CONTROL NUMBER IDENTIFIER | |
| control field | OSt |
| 005 - DATE AND TIME OF LATEST TRANSACTION | |
| control field | 20260204212116.0 |
| 008 - FIXED-LENGTH DATA ELEMENTS--GENERAL INFORMATION | |
| fixed length control field | 061013s1995||||sp ||||||b||||||||||spa|| |
| 020 ## - NUMERO DE LIBRO INTERNACIONAL NORMALIZADO | |
| International Standard Book Number | 8476983298 |
| 050 ## - LIBRARY OF CONGRESS CALL NUMBER | |
| Classification number | 344.0419 C174p |
| 100 ## - ASIENTO PRINCIPAL -- NOMBRE PERSONAL | |
| Personal name | Carcaba Fernández, María |
| 245 ## - TÍTULO PROPIAMENTE DICHO: SUBTÍTULO | |
| Title | Los problemas jurídicos planteados por las nuevas técnicas de procreación humana / María Carcaba Fernández |
| 264 ## - PRODUCTION, PUBLICATION, DISTRIBUTION, MANUFACTURE, AND COPYRIGHT NOTICE | |
| Place of production, publication, distribution, manufacture | España : J. M. B. |
| 300 ## - PHYSICAL DESCRIPTION | |
| Extensión | 190 p |
| 650 ## - ASIENTO SECUNDARIO DE MATERIA -- TERMINO TEMÁTICO | |
| Termino Temático Como Elemento de Entrada | 1.Medicina - Derecho - ProblemasÌ |
| 942 ## - ADDED ENTRY ELEMENTS (KOHA) | |
| Source of classification or shelving scheme | Dewey Decimal Classification |
| Koha item type | Libros |
| Withdrawn status | Lost status | Source of classification or shelving scheme | Damaged status | Not for loan | Current library | Date acquired | Total Checkouts | Full call number | Barcode | Date last seen | Price effective from | Koha item type |
|---|---|---|---|---|---|---|---|---|---|---|---|---|
| Dewey Decimal Classification | Biblioteca UTECO | 09/09/2019 | 344.0419 C174P | 012229 | 09/09/2019 | 09/09/2019 | Libros |
